000 00762nam a22002177a 4500
005 20140305111300.0
010 _aENG-108667
020 _a9788189643362
_c695.00
035 _aEN-92200
037 _bDBAD/PUB
245 _aGender and masculinities :
_cedited by Assa Doron [and] Aliex Broom
_bhistories, texts and practices in India and Sri Lanka /
260 _aNew Delhi
_bRoutledge
_c2014
270 _a912 Tolstory House,15-17 Tolstoy Marg, Connaught Place
_bNew Delhi
_e110001
300 _avii,195p.
_c22cm(Hb)
490 _aSouth Asian history & culture ; edited by David Washbrook
500 _aIncludes bibliographical references and index
700 _aDoron, Assa
700 _aBroom, Alex
700 _aWashbrook, David
942 _2ddc
_cEN
_mGEN
999 _c80835
_d80835